00000000nam 2200000zi 4500
0019.944270
003CaOODSP
00520241217152604
006m     o  d f      
007cr cn|||||||||
008241021t20242024oncab   ob   f000 0 fre d
020 |a9780660740829
040 |aCaOODSP|bfre|erda|cCaOODSP
043 |an-cn-on
0861 |aEn3-4/323-2024F-PDF
24500|aProgramme de rétablissement modifié de la salamandre à petite bouche (Ambystoma texanum) et de l'Ambystoma unisexué, population dépendante de la salamandre à petite bouche (Ambystoma laterale - texanum) au Canada.
264 1|aOttawa : |bGouvernement du Canada = Government of Canada, |c2024.
264 4|c©2024
300 |a1 ressource en ligne (1 volume (pagination multiple)) : |billustrations en couleur, cartes en couleur.
336 |atexte|btxt|2rdacontent/fre
337 |ainformatique|bc|2rdamedia/fre
338 |aressource en ligne|bcr|2rdacarrier/fre
4901 |aLoi sur les espèces en péril, série de programmes de rétablissement
500 |aPublié aussi en anglais sous le titre : Recovery strategy for the small-mouthed salamander (Ambystoma texanum) in Canada.
500 |a« Adoption en vertu de l'article 44 de la LEP. »
504 |aComprend des références bibliographiques.
5050 |aPart 1. Addition du gouvernement fédéral au programme de rétablissement de la salamandre à nez court (Ambystoma texanum) en Ontario -- part 2. Programme de rétablissement de la salamandre à nez court (Ambystoma texanum) en Ontario -- part 3. Couleuvre agile bleue, couleuvre d'eau du lac Érié, salamandre à nez court et Ambystoma unisexué (population dépendante de la salamandre à nez court) : déclaration du gouvernement de l'Ontario en réponse au programme de rétablissement.
650 6|aAmbystoma|xConservation|zOntario.
650 6|aCouleuvre agile|xConservation|zOntario.
650 6|aCouleuvre d'eau du Nord|xConservation|zOntario.
650 6|aFaune|xRétablissement|zOntario.
7101 |aCanada. |bEnvironnement et changement climatique Canada, |eorganisme de publication.
77508|tAmended recovery strategy for the small-mouthed salamander (Ambystoma texanum) and the unisexual Ambystoma, small-mouthed salamander dependent population (Ambystoma laterale - texanum) in Canada.|w(CaOODSP)9.944267
795 |tProgramme de rétablissement de la salamandre à nez court (Ambystoma texanum) au Canada.|w(CaOODSP)9.885592
830#0|aLoi sur les espèces en péril, série de programmes de rétablissement.|w(CaOODSP)9.501470
85640|qPDF|s7.19 Mo|uhttps://publications.gc.ca/collections/collection_2024/eccc/En3-4-323-2024-fra.pdf
8564 |qHTML|sS.O.|uhttps://www.canada.ca/fr/environnement-changement-climatique/services/registre-public-especes-peril/programmes-retablissement/salamandre-petite-bouche-ambystoma-unisexue.html